Johann Friedrich Eosander genannt von Göthe (1669 - 1728) : Anmerkungen zu Karriere und Werk des Architekten, Ingenieurs und Hofmannes am Hof Friedrichs I. in Preußen

Gespeichert in:
Bibliographische Detailangaben
VerfasserInnen: Holland, Alexander (VerfasserIn)
Eosander, Johann Friedrich von (VerfasserIn)
Dokumenttyp: Hochschulschrift Buch
Sprache:German
Veröffentlicht: Weimar : VDG , 2002
Schriftenreihe:VDG-Autorenreihe
Schlagwörter:
Online Zugang:Inhaltsverzeichnis
Rezension
Rezension
Rezension
Bibliogr. Hinweis:Erscheint auch als: Johann Friedrich Eosander genannt von Göthe (1669 - 1728)
Rezensiert in: [Rezension von: Alexander Holland, Johann Friedrich Eosander genannt von Göthe]
Rezensiert in: [Rezension]
Verantwortlich:Alexander Holland
LEADER 05380cam a2201009 c 4500
001 342500082
003 DE-627
005 20260421132254.0
007 tu
008 020220s2002 gw ||||| m 00| ||ger c
010 |a  2002492330 
015 |a 02,N10,0580  |2 dnb 
015 |a 02,A23,1054  |2 dnb 
016 7 |a 963778196  |2 DE-101 
020 |a 3897392747  |9 3-89739-274-7 
035 |a (DE-627)342500082 
035 |a (DE-603)103478868 
035 |a (DE-576)098011146 
035 |a (DE-599)GBV342500082 
035 |a (OCoLC)722943009 
035 |a (OCoLC)314096881 
035 |a (OCoLC)52922186 
035 |a (OCoLC)248080974 
040 |a DE-627  |b ger  |c DE-627  |e rakwb 
041 |a ger 
044 |c XA-DE  |c XA-SE 
050 0 |a NA1088.E66 
082 0 |a 720.92 
084 |a 45  |2 sdnb 
084 |a 9,10  |2 ssgn 
084 |a LK 80780  |2 rvk  |0 (DE-625)rvk/98358:2 
084 |a LI 99999  |2 rvk  |0 (DE-625)rvk/97471: 
084 |a ZH 4800  |2 rvk  |0 (DE-625)rvk/156166: 
084 |a 56.63  |2 bkl 
084 |a 21.60  |2 bkl 
100 1 |a Holland, Alexander  |4 aut 
245 1 0 |a Johann Friedrich Eosander genannt von Göthe (1669 - 1728)  |b Anmerkungen zu Karriere und Werk des Architekten, Ingenieurs und Hofmannes am Hof Friedrichs I. in Preußen  |c Alexander Holland 
264 1 |a Weimar  |b VDG  |c 2002 
300 |a 370 S.  |b Ill., Kt.  |c 24 cm 
336 |a Text  |b txt  |2 rdacontent 
337 |a ohne Hilfsmittel zu benutzen  |b n  |2 rdamedia 
338 |a Band  |b nc  |2 rdacarrier 
490 0 |a VDG-Autorenreihe 
502 |a Teilw. zugl.: Berlin, Freie Univ., Diss., 1999 
583 1 |a Archivierung/Langzeitarchivierung gewährleistet  |f SSG  |x XA-DE-BW  |2 pdager  |5 DE-16 
583 1 |a Archivierung prüfen  |c 20240324  |f DE-4165  |z 2  |2 pdager 
600 1 7 |0 (DE-588)11868499X  |0 (DE-627)07946758X  |0 (DE-576)185372872  |a Eosander, Johann Friedrich von  |d 1669-1728  |2 gnd 
650 0 7 |0 (DE-588)4002844-6  |0 (DE-627)106391836  |0 (DE-576)208848940  |a Architekt  |2 gnd 
650 0 7 |0 (DE-588)4112681-6  |0 (DE-627)105835447  |0 (DE-576)209469978  |a Bauwerk  |2 gnd 
650 0 7 |0 (DE-588)4026955-3  |0 (DE-627)10628651X  |0 (DE-576)208968652  |a Ingenieur  |2 gnd 
650 0 7 |0 (DE-588)4052753-0  |0 (DE-627)104629436  |0 (DE-576)209099739  |a Schloss  |2 gnd 
650 0 7 |0 (DE-588)4002851-3  |0 (DE-627)104280352  |0 (DE-576)208848975  |a Architektur  |2 gnd 
651 7 |0 (DE-588)4012995-0  |0 (DE-627)106345745  |0 (DE-576)20890140X  |a Dresden  |2 gnd 
653 0 |a Eosander, Johann Friedrich  |a Criticism and interpretation 
655 7 |a Hochschulschrift  |0 (DE-588)4113937-9  |0 (DE-627)105825778  |0 (DE-576)209480580  |2 gnd-content 
655 7 |a Biografie  |0 (DE-588)4006804-3  |0 (DE-627)104213493  |0 (DE-576)208867147  |2 gnd-content 
689 0 0 |d p  |0 (DE-588)11868499X  |0 (DE-627)07946758X  |0 (DE-576)185372872  |a Eosander, Johann Friedrich von  |d 1669-1728  |2 gnd 
689 0 |5 DE-101 
689 1 0 |d g  |0 (DE-588)4269328-7  |0 (DE-627)104424052  |0 (DE-576)210664363  |a Schwedisch-Vorpommern  |2 gnd 
689 1 1 |d p  |0 (DE-588)11868499X  |0 (DE-627)07946758X  |0 (DE-576)185372872  |a Eosander, Johann Friedrich von  |d 1669-1728  |2 gnd 
689 1 2 |a z  |2 gnd  |a Geschichte 
689 1 |5 (DE-627) 
700 1 |a Eosander, Johann Friedrich von  |d 1669-1728  |0 (DE-588)11868499X  |0 (DE-627)07946758X  |0 (DE-576)185372872  |4 aut 
751 |a Berlin  |0 (DE-588)4005728-8  |0 (DE-627)10482638X  |0 (DE-576)208862560  |4 uvp 
776 0 8 |i Erscheint auch als  |n Online-Ausgabe  |a Holland, Alexander  |t Johann Friedrich Eosander genannt von Göthe (1669 - 1728)  |d Weimar : VDG, 2002  |h Online-Ressource (370 S)  |w (DE-627)617637865  |z 3897392747 
787 0 8 |i Rezensiert in  |a Hoppe, Stephan, 1966 -   |t [Rezension von: Alexander Holland, Johann Friedrich Eosander genannt von Göthe]  |d 2003  |w (DE-627)1920091076 
787 0 8 |i Rezensiert in  |t [Rezension]  |d 2005  |w (DE-627)1752551435 
856 4 2 |u http://www.gbv.de/dms/bs/toc/342500082.pdf  |m V:DE-601  |m B:DE-84  |q pdf/application  |x Verlag  |y Inhaltsverzeichnis  |3 Inhaltsverzeichnis  |7 1 
856 4 2 |u https://swbplus.bsz-bw.de/bsz098011146rez.htm  |m V:DE-576  |v 2005-08-22  |3 Rezension  |7 1 
856 4 2 |u http://www.sehepunkte.de/2003/12/1444.html  |m V:DE-576;X:Sehepunkte  |q text/html  |v 20180424113634  |3 Rezension  |7 1 
856 4 2 |u http://scans.hebis.de/HEBCGI/show.pl?10347886_rez.pdf  |m V:DE-576  |q application/pdf  |3 Rezension  |7 1 
935 |a SAXB  |a BGTS  |a LBGMV 
935 |i Blocktest 
936 r v |a LK 80780  |b allgemein  |k Kunstgeschichte  |k Kunst nach Ländern bzw. Kontinenten  |k Deutschland  |k Deutsche Kunstgeschichte nach Gattungen  |k Architektur  |k Geschichte der deutschen Architektur nach Ländern und Landschaften  |k Länder (Verwaltungseinheiten)  |k Sachsen  |k allgemein  |0 (DE-627)1270636006  |0 (DE-625)rvk/98358:2  |0 (DE-576)200636006 
936 r v |a LI 99999  |b Sonstige  |k Kunstgeschichte  |k Künstler-Monografien  |k Sonstige  |0 (DE-627)1270635948  |0 (DE-625)rvk/97471:  |0 (DE-576)200635948 
936 r v |a ZH 4800  |b Leben und Werk einzelner Architekten  |k Technik  |k Architektur  |k Baugeschichte  |k Leben und Werk einzelner Architekten  |0 (DE-627)1270650939  |0 (DE-625)rvk/156166:  |0 (DE-576)200650939 
936 b k |a 56.63  |j Architekten  |j Baumeister  |0 (DE-627)106403842 
936 b k |a 21.60  |j Baugeschichte: Allgemeines  |0 (DE-627)106421247 
936 s n |a l300  |2 mzub 
936 s n |a z210  |2 mzub 
951 |a BO 
990 |a Eosander, Johann Friedrich von 
990 |a Schwedisch-Vorpommern 
990 |a Eosander, Johann Friedrich von 
990 |a Geschichte 
991 |a Rezensiertes Werk 
999 |a KXP-PPN342500082  |e 4966470064